HANGEUL : Lire, écrire, comprendre et prononcer le coréen en s'amusant : Lire, écrire, comprendre et prononcer le coréen en s'amusant (notice n° 2095453)

détails MARC
000 -LEADER
fixed length control field 01525cam a2200133 4500500
005 - DATE AND TIME OF LATEST TRANSACTION
control field 20260405011524.0
041 ## - LANGUAGE CODE
Language code of text/sound track or separate title fre
042 ## - AUTHENTICATION CODE
Authentication code dc
100 10 - MAIN ENTRY--PERSONAL NAME
Personal name Yun, Ji-Yu
Relator term author
245 00 - TITLE STATEMENT
Title HANGEUL : Lire, écrire, comprendre et prononcer le coréen en s'amusant : Lire, écrire, comprendre et prononcer le coréen en s'amusant
260 ## - PUBLICATION, DISTRIBUTION, ETC.
Name of publisher, distributor, etc. Armand Colin,<br/>
Date of publication, distribution, etc. 2020.<br/>
520 ## - SUMMARY, ETC.
Summary, etc. Pour vous qui commencez l’étude du coréen, ou qui désirez plus simplement découvrir cette langue, l’apprentissage de l’écriture Hangeul et la prononciation sont des passages obligés. Ce manuel d’initiation et d’exercices offre toutes les explications nécessaires à la maîtrise de l’écriture et de la prononciation coréennes. Après une première partie théorique, vous serez invité à mettre vos acquis en pratique dans le cadre de situations typiques d’écriture. Vous pourrez ainsi vous entraîner à employer du vocabulaire et des expressions du quotidien pour vous présenter, demander votre chemin ou rédiger des cartes postales. Le tableau d’étude du Hangeul vous aidera à prononcer et à mémoriser consonnes et voyelles en vous appuyant sur la romanisation. Détachable, il vous accompagnera partout pour des révisions en un clin d’œil. Retrouvez aussi des feuilles d’écriture en fin d’ouvrage pour vous entraîner à loisir. Les fichiers MP3 de tous les textes sont téléchargeables en ligne.
856 41 - ELECTRONIC LOCATION AND ACCESS
Uniform Resource Identifier <a href="https://shs.cairn.info/hangeul--9782200629335?lang=fr&redirect-ssocas=7080">https://shs.cairn.info/hangeul--9782200629335?lang=fr&redirect-ssocas=7080</a>

Pas d'exemplaire disponible.

PLUDOC

PLUDOC est la plateforme unique et centralisée de gestion des bibliothèques physiques et numériques de Guinée administré par le CEDUST. Elle est la plus grande base de données de ressources documentaires pour les Étudiants, Enseignants chercheurs et Chercheurs de Guinée.

Adresse

627 919 101/664 919 101

25 boulevard du commerce
Kaloum, Conakry, Guinée

Réseaux sociaux

Powered by Netsen Group @ 2025